01652aam a2200349 i 4500001001000000003001000010005001700020007000300037008004100040020001500081040004700096041001300143082002000156100004100176240007500217245017100292250001800463264004500481264001100526300006000537336002700597337003300624338002800657490002400685504003800709505031400747505012001061563001501181650002501196700003901221700004201260768714001CO-MdFUSB20240828094437.0ta231024t2006 spaa||ag |||| 00| 0 spa d a8437623367 aCO-MdFUSBbspacCO-MdFUSBdCO-MdFUSBCerda aspaheng 223a823.7bT363 aThackeray, William Makepeace,eautor aThe luck of Barry Lyndon: aromance of the last century by fitz- boodle13aLa suerte de Barry Lyndonb : romance del siglo pasadoc/ William Makepeace Thackeray ; traducido por Carmen Acuña Partal ; editado por Marcos Rodríguez Espinosa  a1° edición 1aMadrid, España : bCátedra, c[2006] 4c©2006 a512 páginasb: ilustraciones blanco y negroc; 18 cm  2rdacontentatextobtxt 2rdamediaasin mediaciónbn 2rdacarrieravolumenbnc aLetras Universales, aIncluye índice y bibliografía tPrimera parte:aEn el que Barry Lyndon se revela como hombre de espíritu -- En el que el héroe con mal pie se inicia en el mundo gentil -- En el que Barry contempla de cerca la gloria militar -- Barry conoce la vida de la guarnición y hace muchos amigos -- La tragedia de la princesa -- Barry enamorado. tSegunda parte:aAparece Barry en el apogeo de la fortuna -- En el que la suerte de Barry Lyndon comienza a vacilar. aRústico. 7aLiteratura clásica aAcuña Partal, Carmen,etraductor aRodríguez Espinosa, Marcos,eeditor